000 00728nam a2200253Ia 4500
003 OSt
005 20221006143632.0
006 a|||||r|||| 00| 0
007 ta
008 221006b |||||||| |||| 00| 0 eng d
020 _c124.67
024 _a9,495
037 _cTextual
040 _aEASL
_cEASL
_beng
041 _2eng
_aeng
082 _aX:54ojF555.41.N76, L7
100 _aHARRISON Selig S
245 0 _aChina, Oil, and Asia
_b Conflict ahead?
260 _aNew York
_bColumbia University Press
_c1977
300 _a318p.
_ccm.
490 _v CEL
_aCarnegie Endowmen for International Peace
942 _hX:54ojF555.41.N76, L7
_cTEXL
_2CC
999 _c1077581
_d1077581